| 000 | 00477ntaaa2200181 4500 | ||
|---|---|---|---|
| 003 | 01 | ||
| 005 | 20251027202851.0 | ||
| 008 | 0714s1973 ag 01 | ||
| 040 |
_aAR-BaBN _bspa _cAR-BaBN _eaacr _dRIC |
||
| 082 | _a269.0000 W58s | ||
| 100 | _aWhitesell, Faris D | ||
| 245 | _aSixty-five ways to give evangelistic invitations | ||
| 250 | _a2 ed. | ||
| 260 |
_aGrand Rapids : _bZondervan Publishing House, _cc1945 |
||
| 300 | _a116 p | ||
| 650 |
_aevangelismo _9336 |
||
| 942 | _cBK | ||
| 999 |
_c24051 _d24051 |
||